LEADER 01142nam0-2200373---450- 001 990009271610403321 005 20101028155901.0 010 $a88-464-5430-8 035 $a000927161 035 $aFED01000927161 035 $a(Aleph)000927161FED01 035 $a000927161 100 $a20101028d2004----km-y0itay50------ba 101 0 $aita 102 $aIT 105 $aa-------001yy 200 1 $aPer una psicologia della pace$enuove prospettive psicologiche per approcci integrati interdisciplinari$fAntonella Sapio$gpresentazione di Daniel J. Christie$gcontributi di Anne Anderson ... [et al.] 210 $aMilano$cFrancoAngeli$d2004 215 $a939 p.$d23 cm 225 1 $aPsicologia$v214 610 0 $aPace 610 0 $aViolenza 610 0 $aAggressività 676 $a155.232$v21$zita 700 1$aSapio,$bAntonella$0509009 702 1$aChristie,$bDaniel J. 702 1$aAnderson,$bAnne 801 0$aIT$bUNINA$gREICAT$2UNIMARC 901 $aBK 912 $a990009271610403321 952 $aCollez. 586 (214)$b44953$fFSPBC 959 $aFSPBC 996 $aPer una psicologia della pace$9773651 997 $aUNINA LEADER 00956cam0-22003251i-450- 001 990007024150403321 005 20070704100931.0 010 $a88-430-1807-8 035 $a000702415 035 $aFED01000702415 035 $a(Aleph)000702415FED01 035 $a000702415 100 $a20020108d2001----km-y0itay50------ba 101 0 $aita 102 $aIT 105 $ay-------001yy 200 1 $a<>sviluppo partecipativo$eanalisi sociale e logiche di pianificazione$fMassimo Tommasoli 210 $aRoma$cCarocci$d2001 215 $a247 p.$d22 cm 225 1 $aBiblioteca di testi e studi$iScienze sociali$v158 610 0 $aCooperazione internazionale 676 $a327.17$v21$zita 700 1$aTommasoli,$bMassimo$0251702 801 0$aIT$bUNINA$gRICA$2UNIMARC 901 $aBK 912 $a990007024150403321 952 $aCollez. 1587 (158)$b37917$fFSPBC 959 $aFSPBC 996 $aSviluppo partecipativo$9697868 997 $aUNINA